|
|
|
|
| LEADER |
01187cam a2200289 7i4500 |
| 001 |
0000036517 |
| 005 |
20210118090000.0 |
| 007 |
##ta |
| 008 |
210115t2020 my eng |
| 020 |
# |
# |
|a 9789280531739
|
| 040 |
# |
# |
|a MATR
|
| 090 |
0 |
0 |
|a I 610.28
|b WOR
|
| 110 |
2 |
# |
|a World Health Organization (WHO)
|
| 245 |
2 |
0 |
|a Promoting Access to Medical Technologies and Innovation :
|b Intersection betweenpublic health, intellectual property and trade /
|c World Health Organization (WHO), World Intellectual Property Organization (WIPO), World Health Organization (WHO) (WTO).
|
| 264 |
# |
1 |
|a Geneva:
|b World Trade Organization (WTO):
|b World Health Organization (WHO):
|b World Intellectual Property Organization (WIPO),
|c 2020.
|
| 264 |
# |
4 |
|a ♭.
|
| 300 |
# |
# |
|a 347 pages:
|b illustrations;
|c 30 cm.
|
| 336 |
# |
# |
|a text
|2 rdacontent
|
| 337 |
# |
# |
|a unmediated
|2 rdamedia
|
| 338 |
# |
# |
|a volume
|2 rdacarrier
|
| 504 |
# |
# |
|a Includes bibliographical references and index
|
| 650 |
2 |
0 |
|a International trade
|
| 650 |
2 |
0 |
|a Drug accessibility
|
| 650 |
2 |
0 |
|a Pharmaceutical policy
|
| 650 |
1 |
0 |
|a Medical technology
|
| 650 |
2 |
0 |
|a Intellectual property
|
| 999 |
|
|
|a 0000041177
|b Book
|c International
|e Business Information Centre
|